<?xml version="1.0" encoding="UTF-8"?><?xml-stylesheet type="text/xsl" href="static/style.xsl"?><OAI-PMH xmlns="http://www.openarchives.org/OAI/2.0/" xmlns:xsi="http://www.w3.org/2001/XMLSchema-instance" xsi:schemaLocation="http://www.openarchives.org/OAI/2.0/ http://www.openarchives.org/OAI/2.0/OAI-PMH.xsd"><responseDate>2026-04-17T23:29:02Z</responseDate><request verb="GetRecord" identifier="oai:www.recercat.cat:10230/53369" metadataPrefix="marc">https://recercat.cat/oai/request</request><GetRecord><record><header><identifier>oai:recercat.cat:10230/53369</identifier><datestamp>2025-12-22T20:20:08Z</datestamp><setSpec>com_2072_6</setSpec><setSpec>col_2072_452954</setSpec></header><metadata><record xmlns="http://www.loc.gov/MARC21/slim" xmlns:dcterms="http://purl.org/dc/terms/" xmlns:xsi="http://www.w3.org/2001/XMLSchema-instance" xmlns:doc="http://www.lyncode.com/xoai" xsi:schemaLocation="http://www.loc.gov/MARC21/slim http://www.loc.gov/standards/marcxml/schema/MARC21slim.xsd">
   <leader>00925njm 22002777a 4500</leader>
   <datafield ind2=" " ind1=" " tag="042">
      <subfield code="a">dc</subfield>
   </datafield>
   <datafield ind2=" " ind1=" " tag="720">
      <subfield code="a">Sánchez Martínez, Adrián</subfield>
      <subfield code="e">author</subfield>
   </datafield>
   <datafield ind2=" " ind1=" " tag="260">
      <subfield code="c">2022-06-02T15:10:29Z</subfield>
   </datafield>
   <datafield ind2=" " ind1=" " tag="260">
      <subfield code="c">2022-06-02T15:10:29Z</subfield>
   </datafield>
   <datafield ind2=" " ind1=" " tag="260">
      <subfield code="c">2021</subfield>
   </datafield>
   <datafield ind2=" " ind1=" " tag="520">
      <subfield code="a">Tutor: Alan Salvadó</subfield>
   </datafield>
   <datafield ind2=" " ind1=" " tag="520">
      <subfield code="a">Treball de l&amp;apos;assignatura: Cinemes del real, de segon trimestre del màster en Estudis de Cinema i Audiovisual Contemporanis. Curs 2020-2021</subfield>
   </datafield>
   <datafield ind2=" " ind1=" " tag="520">
      <subfield code="a">Este trabajo pretende trazar una cartografía de la repetición como ejercicio performativo en el cine&#xd;
narrativo. Partimos de la hipótesis de que cierto sector del cine contemporáneo de las últimas décadas&#xd;
utiliza la repetición del relato, en ocasiones ligada a una repetición iconográfica, para liberar al cuerpo&#xd;
de su condición sígnica en relación al mundo diegético en el que está inmerso. Así, el acto de la&#xd;
mímesis no encuentra su razón de ser en la configuración de un universo autónomo desligado de lo&#xd;
cotidiano, sino en la participación en el ritual performativo del rodaje. En este sentido, el objetivo del&#xd;
artículo es señalar que no toda narración pide una lectura semiótica, como se ha argumentado&#xd;
repetidamente en el ámbito de los estudios visuales, sino que todo depende de la carga dramática de&#xd;
los cuerpos en relación a la historia. Es en este contexto que la narración repetida cobra valor.</subfield>
   </datafield>
   <datafield ind2="0" ind1="0" tag="245">
      <subfield code="a">Ver (lo mismo) dos veces: la repetición narrativa como acto performativo</subfield>
   </datafield>
</record></metadata></record></GetRecord></OAI-PMH>